№ 183 : Из истории стран Дальнего Востока и Индии: [сборник]; Ученые записки [Ленинградского государственного университета]

Bibliographic Details
Parent link:Ученые записки [Ленинградского государственного университета]: сборник статей/ Ленинградский государственный университет (ЛГУ). № 183 : Из истории стран Дальнего Востока и Индии.— , 1937-1977
Corporate Author: Ленинградский государственный университет (ЛГУ) Восточный факультет
Other Authors: Ефимов Г. В. (редактор)
Language:Russian
Published: 1955
Series:Серия востоковедческих наук Вып. 5
Subjects:
Format: Book
KOHA link:https://koha.lib.tpu.ru/cgi-bin/koha/opac-detail.pl?biblionumber=322708

MARC

LEADER 00000nam2a2200000 4500
001 322708
005 20231102003511.0
035 |a (RuTPU)RU\TPU\book\348267 
090 |a 322708 
100 |a 20161003d1955 k y0rusy50 ca 
101 0 |a rus 
102 |a RU 
105 |a a z 001zy 
200 0 |a № 183 : Из истории стран Дальнего Востока и Индии  |e [сборник]  |f Ленинградский государственный университет (ЛГУ), Восточный факультет ; отв. ред. Г. В. Ефимов 
210 |d 1955 
215 |a 135 с.  |c ил. 
225 1 |a Серия востоковедческих наук  |v Вып. 5 
320 |a Библиогр. в примеч. 
461 1 |0 (RuTPU)RU\TPU\book\347780  |t Ученые записки [Ленинградского государственного университета]  |o сборник статей  |f Ленинградский государственный университет (ЛГУ)  |v № 183 : Из истории стран Дальнего Востока и Индии  |d 1937-1977 
606 1 |a Востоковедение  |2 stltpush  |3 (RuTPU)RU\TPU\subj\68873  |9 83972 
610 1 |a Дальний Восток 
610 1 |a Индия 
610 1 |a Китай 
610 1 |a доктрина "открытых дверей" 
610 1 |a марксизм 
610 1 |a армия 
610 1 |a Япония 
610 1 |a Манипурское восстание 
686 |a Т3(5)  |v LBC/SL-A  |2 rubbk 
702 1 |a Ефимов  |b Г. В.  |4 340 
712 0 2 |a Ленинградский государственный университет (ЛГУ)  |b Восточный факультет  |c (1924-1991)  |2 stltpush  |3 (RuTPU)RU\TPU\col\77 
801 1 |a RU  |b 63413507  |c 20161003 
801 2 |a RU  |b 63413507  |c 20190122  |g RCR 
942 |c BK